000 00280nam a22001337a 4500
003 SGT
082 _a617.96
_bO17K
100 _aKULKARNI,ATUL P
245 _aOBJECTIVE ANESTHESIA REVIEW
250 _a4TH
260 _aINDIA
_bJAYPEE
_c2017
300 _a546
942 _2ddc
_cBK
_02
999 _c14236
_d14236